Violence against women as a violation of human rights /
sin resumen
Guardat en:
| Autor principal: | |
|---|---|
| Format: | Text |
| Matèries: | |
| Etiquetes: |
Afegir etiqueta
Sense etiquetes, Sigues el primer a etiquetar aquest registre!
|
MARC
| LEADER | 00000 a a2200000 04500 | ||
|---|---|---|---|
| 001 | 18194 | ||
| 003 | |||
| 040 | |||
| 100 | |a Roberts Chapman, Jane | ||
| 245 | |a Violence against women as a violation of human rights / |c Jane Roberts Chapman | ||
| 520 | |a sin resumen | ||
| 650 | |a MUJERES | ||
| 650 | |a DERECHOS HUMANOS | ||
| 650 | |a VIOLENCIA | ||
| 773 | |g volumen 17, número 2; páginas 54-70 | ||
| 999 | |c 29617 |d 29617 | ||
| 773 | 0 | |0 43965 |9 6307 |a University of California. |d California: University of California. Merrill College. Social Justice a/c Global Options, 1974- |o MFN: 1735 |t Social Justice / |x 00947571 | |
